| 000 | 00618nam#a22002415a#4500 | ||
|---|---|---|---|
| 001 | 841 | ||
| 008 | 090518s1993####ag#a###g######000#fdspa#d | ||
| 245 | 1 | 3 |
_aEn busca de los gorilas de las montañas / _cJim Wallace. |
| 250 | _a1ª ed. | ||
| 260 |
_aBuenos Aires : _bAtlántida, _c1993. |
||
| 300 |
_a118 p. : _bil. ; _c22 cm. |
||
| 490 | 0 |
_aElige tu propia aventura ; _vv. 43 |
|
| 020 | _a950081059x | ||
| 100 | 1 | _aWallace, Jim. | |
| 080 | _a82-312.9 | ||
| 084 | _aW24 T43 | ||
| 653 | _aLiteratura | ||
| 653 | _aNovela | ||
| 040 |
_aAR-ClEAG _cAR-ClEAG |
||
| 005 | 20241107184649.0 | ||
| 003 | AR-ClEAG | ||
| 942 | _cBK | ||
| 999 |
_c841 _d841 |
||
| 980 |
_62 _aEvangelina Gallicchio _82 _gEvangelina Gallicchio |
||